| 000 | 00536nam a2200169 a 4500 | ||
|---|---|---|---|
| 001 | 000031633 | ||
| 005 | 20200930063050.0 | ||
| 008 | 110628s19uu dr 000 0 spa d | ||
| 040 |
_aDO-SdBNP _bspa _cBNPHU |
||
| 110 | 1 |
_aSociead Dominicana de Sismología Ingenieria Sismica _957939 |
|
| 245 | 1 | 0 | _aSodosismica. |
| 246 | 1 | 4 |
_aSodosismica : _bestatutos y acta de constitución |
| 260 |
_aSanto Domingo : _bSociead Dominicana de Sismología Ingenieria Sismica, _c[19u?]. |
||
| 300 |
_a22 P. ; _c22 cm. |
||
| 049 | _aBNPD | ||
| 049 | _aBNPD | ||
| 999 |
_c31125 _d31125 |
||